| 000 | 00770nam a2200205Ia 4500 | ||
|---|---|---|---|
| 005 | 20260121110029.0 | ||
| 008 | 008 260114s9999 xx 000 0 hin d | ||
| 020 | _a9788132360186 | ||
| 037 | _aEBOOK | ||
| 040 |
_aCRL _bhin _cCRL |
||
| 041 |
_ahin _2hin |
||
| 084 | _qCRL | ||
| 100 |
_aसंजय त्यागी / Sanjay Tyagi _9941192 |
||
| 245 | 0 | _aसूक्ष्म जीव जैव तकनीकी: पर्यावरणीय निगरानी और सफाई / Sookshma Jeev Jaiv Takneeki: Paryavaranik Nigrani aur Safai | |
| 260 |
_bभाषा प्रकाशन / Bhasha Prakashan _c2021 |
||
| 856 | _uhttps://bhashaprakashan.com/product-details/382662 | ||
| 942 | _cEBOOK | ||
| 999 |
_c1532857 _d1532857 |
||